000 01447nam a22002777a 4500
001 4263
003 FISKH
005 20240711081209.0
008 240711b cb ||||| |||| 00| 0 eng d
020 _a9781584769682
040 _aFISKH
_beng
_cFISKH
_dFISKH
050 _aPZ7
082 _a523.7
100 _aGaydos, Nora
245 _aRead it, write it, draw it :
_bIn the hot, hot sun /
_cWritten by Nora Gaydos
260 _aNorwalk :
_bInnovative Kids,
_c2009.
300 _a32 pages ;
_bcolor illustrations ;
_c23 cm
490 _aNow I'm Reading Series
505 _aF
520 _aThis extension of the award-winning, best-selling series by acclaimed author, Nora Gaydos, engages kids in an entertaining, hands-on reading, writing, and drawing experience! Includes more than 20 stickers. Level 2 - The Reading section mixes short and long vowel words, sight word reinforcement, word endings, simple dialogue. The Writing section teaches penmanship, spelling reinforcement, story sequencing, independently forming uppercase and lowercase letters. The Drawing section allows coloring in major story elements and completing scenes to match the text. Imagine all the things the squirrels will discover when they head out on an adventure under the hot, hot sun!
521 8 _a350
_bLexile estimate
521 8 _aF
_bRaz-Plus
650 _aBeginner
_vNow I'm Reading Series
942 _2ddc
_cBK
_n0
999 _c4263
_d4263